000 00690nam a2200217 u 4500
005 20240224063729.0
008 121011s2008 r 000 0 eng d
020 _a9788466776431
035 _aUPN01000187330
049 _aI
050 4 _aPQ6503 B3
_bL4.9
100 1 _aBécquer, Gustavo Adolfo,
_d1836-1870
245 1 0 _aLeyendas de Bécquer /
_ccontadas por Eliacer Cansino ; il. de Enrique Flores.
260 _aMadrid :
_bAnaya,
_c2008.
300 _a[63] p. :
_bprincipalmente il. col.
650 4 _aLeyendas españolas
_916678
650 7 _aLibros ilustrados para niños
_2
_921365
700 1 _aCansino, Eliacer,
_ecomp.
700 1 _aFlores, Enrique,
_eil.
905 _aInfantil
999 _c159433
_d159433